Statistiques concernant Focus sur: Peregrin Touque - Tolkien

Cliquez ici pour prendre le quiz!

Statistiques générales

  • Ce quiz a été pris 23 fois
  • Le résultat moyen est 10 sur 20

Statistiques - réponses

Informations recherchéesRéponses% Correct
EspèceHobbit
100%
Première apparitionLe Seigneur des Anneaux: La Communauté de l'Anneau
100%
SurnomPippin
100%
Couleur des cheveuxBlond-doré
95%
ContréeComté
95%
Groupe auquel il appartientFraternité de l'Anneau
95%
Age durant lequel il vécutTroisième/Quatrième
95%
Professions et titresThain du Comté
67%
VilleBourg-de-Touque
62%
Acteur l'interprétant dans les filmsBilly Boyd
43%
Ecuyer/chevalier du Gondor
33%
Autre traduction du nomTouc
29%
Conseiller du Royaume du Nord
14%
FilsFaramir Ier Touque
14%
PèrePaladin II Touque
14%
EpouseDiamant de Longue-Cluse
5%
SoeursPerle Touque
5%
MèreEglantine Cotelier
0%
Pervinca Touque
0%
Pimprenelle Touque
0%

Distribution des résultats

Percentile par nombre de réponses

% des personnes avec chaque résultat

Votre développement - résultats

Vous n’avez pas pris ce quiz